000 00630nam a2200181Ia 4500
005 20250508160445.0
008 008 250505s9999 xx 000 0 eng d
037 _aTextual
040 _aFEDL
_beng
_cFEDL
041 _aeng
_2eng
084 _a307.72, UNE
_qFEDL
245 0 _aImpact of communication on rural development : An investigation in costa rica and india
245 0 _cUnited Nations Educational, Scientific and Cultural Organization
260 _aParis, France
_bNational Institute of Community Development
_c1969
300 _axvi,160p.
942 _cTEXL
_h307.72, UNE
999 _c1364716
_d1364716